000 00640nam a2200205Ia 4500
005 20250508165143.0
008 008 250505s9999 xx 000 0 eng d
020 _a978-0-521-28414-1
037 _aReference
040 _aFEDL
_beng
_cFEDL
041 _aeng
_2eng
084 _a519, BUR/RR
_qFEDL
100 _aBurrill Gail F
_9780011
245 0 _aThinking and reasoning with data and chance: Sixty-eighth yearbook
260 _aReston, U S
_bNational Council of Teacher of Mathematics
_c2006
300 _axii, 481p.
700 _a Elliot Portia C
_9780012
942 _cREF
_h519, BUR/RR
999 _c1393469
_d1393469